| 000 | 00571nam a2200109Ia 4500 | ||
|---|---|---|---|
| 008 | 171212s9999 xx 000 0 und d | ||
| 100 | _aConcannon, Thomas W.;Khodyakov, Dmitry;Kotzias, Virginia I.;Fahey, Gavin;Graff, Jennifer | ||
| 245 |
_cConcannon, Thomas W.;Khodyakov, Dmitry;Kotzias, Virginia I.;Fahey, Gavin;Graff, Jennifer _aEmployer, Insurer, and Industry Perspectives on Patient-Centered Comparative Effectiveness Research _bFinal Report |
||
| 260 |
_bRAND Corporation _c2015 |
||
| 650 | _aBiological Sciences | ||
| 856 | _uhttp://jstor.org/stable/10.7249/j.ctt19rmd8s | ||
| 999 |
_c352000 _d352000 |
||